Регионална библиотека "Любен Каравелов" - Русе

Творците (Запис номер 68925)

MARC детайли
000 -Лидер
Контролно поле с фиксирана дължина 01601nam a2200409 c 4500
003 - Код на организацията, давaща контролен номер
Контролно поле BLK
005 - Дата и час на последна редакция
Контролно поле 20180422103024.0
008 - Елементи от данни с фиксирана дължина
fixed length control field 180408b bul|||||r ||||||| ||bul||
010 ## - Наследен системен номер
LC control number KNG00073264000
040 ## - Източник на каталожния запис
Идентификатор на билиотеката - собственик на записа BLK
041 ## - Код за език
Код за езика на текст/звукозапис или на отделно заглавие Български
Код за езика КДБФ Български
080 ## - УДК
Текстов определител УДК Литература на отделни езици и езикови семейства
УДК код - определител по УДК 821
УДК определител (092)
УДК - код + определител 821(092)
080 ## - УДК
Текстов определител УДК
УДК код - определител по УДК 72/76
УДК определител .071.1(100)(092)
УДК - код + определител 72/76.071.1(100)(092)
080 ## - УДК
Текстов определител УДК Творчески и изпълнителски длъжности
УДК код - определител по УДК 78.071
УДК определител (100)(092)
УДК - код + определител 78.071(100)(092)
080 ## - УДК
Текстов определител УДК Биографии
УДК код - определител по УДК 929
УДК определител (100)
УДК - код + определител 929(100)
100 1# - Редна дума - Автор
Автор Джонсън, Пол
Авторска отговорност първи автор
R(LIN) 248600
139 ## - Редно поле
Редна дума Джонсън, Пол
Авторски знак Джо - Д 52
245 10 - Сведения за заглавието
Заглавие Творците
Редно поле (дума) Пол Джонсън; прев. Антоанета Антонова Дончева-Стаматова.
257 ## - Страна на издаване
Страна на създаване/издаване Великобритания
260 ## - Област на издателските данни
-- София
Име на издателя, разпространителя и проч. НСМ - Медиа
Година на издаване 2007
300 ## - Физическа характеристика
Страници 392 с.
Размери/Мащаб 21 см
380 ## - Жанр
Жанр Общ отдел
500 ## - Общи забележки
Забележка Книгата е продължение на "Интелектуалците" от същия автор
650 #4 - Допълнително описание по предмет – тема
Основно описание – тема или топоним Писатели
9 (RLIN) 166332
650 #4 - Допълнително описание по предмет – тема
Основно описание – тема или топоним Художници
9 (RLIN) 177043
650 #4 - Допълнително описание по предмет – тема
Основно описание – тема или топоним Архитекти
9 (RLIN) 147588
650 #4 - Допълнително описание по предмет – тема
Основно описание – тема или топоним Музиканти
9 (RLIN) 163069
653 ## - Ключова дума – ненормативна
Ключова дума писатели
653 ## - Ключова дума – ненормативна
Ключова дума художници
653 ## - Ключова дума – ненормативна
Ключова дума музиканти
700 1# - Други автори (авторска отговорност)
Лично име Дончева-Стаматова, Антоанета Антонова
Автороска отговорност (Описва отношението между автора и произведението) прев.
9 (RLIN) 365601
852 ## - Местоположение
Форматна сигнатура Цб 232572
856 4# - Електронен адрес и достъп
Електронен формат pdf - файл
Път до файла /url/
856 4# - Електронен адрес и достъп
Електронен формат pdf - файл
Път до файла /url/
942 ## - АРТИКУЛИ
Вид на библиотечния материал Книги
Скрит в OPAC Не
944 ## - СЪЗДАВАНЕ И РЕДАКЦИЯ на ЗАПИСА
Създаване/Редакция Създаване
Дата на регистрацията/редакция 21.03.2007
Служител, извършил регистрацията/редакцията Геновева_Генчева
944 ## - СЪЗДАВАНЕ И РЕДАКЦИЯ на ЗАПИСА
Създаване/Редакция Редакция
Дата на регистрацията/редакция 20.07.2009
Служител, извършил регистрацията/редакцията
999 ## - СИСТЕМНИ КОНТРОЛНИ НОМЕРА
Koha biblionumber 68925
Koha biblioitemnumber 68925
Наличности
Код за отписване Код за изгубен артикул Източник на класификационната схема Код за повреда Коз за рестрикции Код за отдаване Артикулен № Име на библиотеката - собственик Име на библиотеката, в която се намира в момента Статус (Текущо местоположение) Дата на вписване в системата Местоположение - отдел Цена в лева Инвентарен номер Систематично азбучна сигнатура Баркод Номер на екземпляра Цена в евро Служебна бележка Служебен тип на артикула
  Не е изгубен Universal Decimal Classification Не е повреден без рестрикции ползва се в читалня 113200 Регионална библиотека "Любен Каравелов" Русе Регионална библиотека "Любен Каравелов" Русе Читалня 2007-03-21 Читалня 12.00 120000711473 Ч 821.09/Д 52 120000711473 1 6.14 Дост: Pk Вид: Ф N: 136 Дата: 21.03.2007 Дата инв: 27.03.2017 Бележки инв: Ч2017 Книги
  Не е изгубен   Не е повреден без рестрикции ползва се в читалня 113201 Регионална библиотека "Любен Каравелов" Русе Регионална библиотека "Любен Каравелов" Русе Хранилище 2009-07-13 Хранилище 12.00 120000736954 Цб 232572 120000736954 2 6.14 Дост: Dp Вид: Д N: 7 Дата: 04.02.2009 Книги
Vip Innovations Ltd, Rousse, Bulgaria 2025